| 000 | 00550cam a2200205ua 4500 | ||
|---|---|---|---|
| 001 | 6695 | ||
| 005 | 20260515114106.0 | ||
| 008 | 140308n ii |||gr||||Z||||||eng | ||
| 040 | _cMAIN | ||
| 082 | _a658.3 | ||
| 245 |
_aPersonnel management : _bText & cases / _cBy C.B. Mamoria . |
||
| 250 | _a26th ed. | ||
| 260 |
_aMumbai: _bHimalaya publishing house, _c2006. |
||
| 300 | _ax,932p. | ||
| 653 | _aGeneral management | ||
| 653 | _aPersonnel management : | ||
| 700 |
_aMamoria,C.B., _eAuthor., |
||
| 700 |
_aGankar,S.V., _eAuthor. |
||
| 942 | _cBK | ||
| 999 |
_c5838 _d5838 |
||